000 00295nam a22001337a 4500
008 170928b xxu||||| |||| 00| 0 eng d
020 _a9781438000282
041 _aeng
080 _25 ED
_a37
100 _a47
101 _aEDU
245 _aSAT MATH WORKBOOK
_cLEFT.L.S
942 _2udc
_cBK
999 _c30361
_d30361